El mundo a través de una pantalla: Ser humano en la era de la multitud digital.
Gespeichert in:
| 1. Verfasser: | |
|---|---|
| Weitere Verfasser: | |
| Format: | Buch |
| Sprache: | Englisch |
| Veröffentlicht: |
Barcelona, España:
Tendencias,
2008.
|
| Schlagworte: | |
| Tags: |
Tag hinzufügen
Keine Tags, Fügen Sie den ersten Tag hinzu!
|
MARC
| LEADER | 00000nam a22000007a 4500 | ||
|---|---|---|---|
| 003 | CL-VaPUC | ||
| 005 | 20250321101939.0 | ||
| 008 | 250131t ||||| |||| 00| 0 eng d | ||
| 999 | |c 446963 |d 446961 | ||
| 020 | |a 978-84-936194-3-5 | ||
| 040 | |c Pontificia Universidad Católica de Valparaíso | ||
| 082 | |a 302.231 SIE 2008 | ||
| 100 | |9 896044 |a Siegel, Lee |e autor | ||
| 245 | |a El mundo a través de una pantalla: |b Ser humano en la era de la multitud digital. | ||
| 260 | |a Barcelona, España: |b Tendencias, |c 2008. | ||
| 300 | |a 188 páginas. | ||
| 500 | |a c.1. Instituto Arcos.08-01-2025. | ||
| 583 | |c 20250131 |k Gabriela Rodríguez Cuevas | ||
| 650 | 0 | |9 254823 |a Internet |x Aspectos sociales | |
| 650 | 0 | |9 417579 |a Sociedad de la información |x Medios digitales | |
| 700 | |9 896046 |a Vendrell Aragonès, Montserrat |e traductora | ||
| 942 | |2 ddc |c BK |n 0 | ||
| 952 | |0 0 |1 0 |2 ddc |4 0 |6 302_231000000000000_SIE_2008 |7 0 |9 600248 |a BIBINC |b BIBINC |c GEN |d 2025-01-31 |e Instituto Arcos |i 5665181 |o 302.231 SIE 2008 |p 5665181 |r 2025-01-31 |t 1 |w 2025-01-31 |y BK |k IFP | ||